000 00532nam a2200217Ia 4500
003 OSt
005 20260526115026.0
008 210210b1986 xxu||||| |||| 00| 0 eng d
040 _cAL
041 _aEnglish
082 _aS891.1 KALR
100 _aKALIDASA.
_9264577
245 _aRTUSAMHARA of Kalidasa
260 _aDelhi
_bMotilal Banarsidass
_c1986
300 _axv,163
650 _aritusamhara
_9264578
690 _aSanskrit Poetry
_9264579
700 _atr. by M R Kale.
_9264580
906 _a050784
942 _2ddc
_cBK
999 _c99423
_d99423